2020 NFL Draft 1st Round Picks - Statistics

General Stats
  • This quiz has been taken 33 times
    30 since last reset
  • The average score is 24 of 32
Answer Stats
Pick No. Position Team Answer % Correct
1 QB Bengals Joe Burrow
100%
2 DE Redskins Chase Young
96%
22 WR Vikings Justin Jefferson
96%
5 QB Dolphins Tua Tagovailoa
96%
25 WR 49ers Brandon Aiyuk
92%
17 WR Cowboys CeeDee Lamb
92%
12 WR Raiders Henry Ruggs III
92%
15 WR Broncos Jerry Jeudy
92%
6 QB Chargers Justin Herbert
92%
3 CB Lions Jeff Okudah
88%
26 QB Packers Jordan Love
88%
13 OT Buccaneers Tristan Wirfs
88%
4 OT Giants Andrew Thomas
85%
21 WR Eagles Jalen Reagor
85%
16 CB Falcons AJ Terrell
81%
7 DT Panthers Derrick Brown
81%
8 LB Cardinals Isaiah Simmons
81%
11 OT Jets Mekhi Becton
77%
28 LB Ravens Patrick Queen
77%
9 CB Jaguars CJ Henderson
73%
10 OT Browns Jedrick Wills
73%
14 DT 49ers Javon Kinlaw
69%
27 LB Seahawks Jordyn Brooks
62%
24 C/OG Saints Cesar Ruiz
58%
19 CB Raiders Damon Arnette
54%
23 LB Chargers Kenneth Murray
54%
20 LB Jaguars K’lavon Chaisson
54%
32 RT Chiefs Clyde Edwards-Helaire
46%
30 CB Dolphins Noah Igbinoghene
42%
18 OT Dolphins Austin Jackson
38%
31 CB Vikings Jeff Gladney
38%
29 OT Titans Isaiah Wilson
27%
No matching quizzes found
Score Distribution
Percent of People with Each Score
Percentile by Number Answered
Your Score History
You have not taken this quiz since the last reset